Vista normal
Vista MARC
- Gutiérrez Franco, Mónica Elena / López Cuevas, Leticia
Entrada Personal Name
Número de registros utilizados en: 1
001 - CONTROL NUMBER
- control field: 4206
003 - CONTROL NUMBER IDENTIFIER
- control field: MX-ChCB
005 - DATE AND TIME OF LATEST TRANSACTION
- control field: 20260123125310.0
008 - FIXED-LENGTH DATA ELEMENTS
- fixed length control field: 260123|| aca||aabn | a|a d
040 ## - CATALOGING SOURCE
- Original cataloging agency: MX-ChCB
- Transcribing agency: MX-ChCB
100 ## - HEADING--PERSONAL NAME
- Personal name: Gutiérrez Franco, Mónica Elena / López Cuevas, Leticia
670 ## - SOURCE DATA FOUND
- Source citation: Work cat.: (MX-ChCB): Gutiérrez Franco, Mónica Elena / López Cuevas, Leticia, Química 2, 2019

